Images Comment se nomme ce verre ? - Statistiques

Statistiques générales
  • Ce quiz a été pris 15 fois
  • Le résultat moyen est 7 sur 33
Statistiques - réponses
Par images Hint Réponse % Correct
Vin Coupe à {champagne}
79%
Renaissance {Corne} à boire
71%
Champagne {Flûte} à champagne
71%
Allemand Pot à {bière}
57%
Alcool {Pipe} à cognac
50%
Bière {Chope}
43%
Mélange Verre à {cocktail}
43%
Vin {Ballon}
36%
Vin {Calice}
36%
Bière {Girafe}
36%
Métal {Timbale}
36%
Vin {Coupe}
21%
Café {Mazagran}
21%
Alcool Verre à {Cognac}
21%
Divers {Gobelet}
14%
Militaire {Quart}
14%
Alcool Verre à {shot}
14%
Vin Verre à vin {d'Alsace}
14%
Bière {Bock}
7%
Vin Coupe de {Pythagore}
7%
Vin {Hanap}
7%
Vin {Blida}
0%
Bière {Chopine}
0%
Allemand {Mass}
0%
Cocktail Verre {Collins}
0%
Cocktail Verre {Highball}
0%
Alcool Verre {old} {fashioned}
0%
Cocktail Verre {ouragan}
0%
Europe centrale Verre {Roemer}
0%
Bière Verre {Teku}
0%
Vin Verre {tulipe}
0%
Alcool Verre {tulipe} Glencairn
0%
Bière {Yard} glass
0%
Aucun quiz correspondant
Distribution des résultats
% des personnes avec chaque résultat
Percentile par nombre de réponses
Votre historique - résultats
Vous n’avez pas pris ce quiz